Miedo y persuación: noticias sobre el TLC publicaciones en el periódico La Nación /
Kaydedildi:
| Yazar: | |
|---|---|
| Materyal Türü: | Metin |
| Etiketler: |
Etiketle
Etiket eklenmemiş, İlk siz ekleyin!
|
MARC
| LEADER | 00000 a a2200000 04500 | ||
|---|---|---|---|
| 001 | 43054 | ||
| 003 | |||
| 040 | |||
| 100 | |a Fournier Pereira, Marisol | ||
| 245 | |a Miedo y persuación: |b noticias sobre el TLC publicaciones en el periódico La Nación / |c Marisol Fournier Pereira | ||
| 773 | |g número3 ( , 2008), sin paginar | ||
| 999 | |c 26611 |d 26611 | ||
